(Random) Guess the Song From the Artist and Lyrics - Statistics

General Stats
  • This quiz has been taken 188 times
  • The average score is 6 of 20
Answer Stats
Lyric Song Artist % Correct
I used to bite my tongue and hold my breath, scared to rock the boat and make a mess Roar Katy Perry
66%
Robert's got a quick hand, he'll look around the room he won't tell you his plan Pumped Up Kicks Foster The People
64%
My wrist, stop watchin', my neck is flossin', Make big deposits, my gloss is poppin' 7 Rings Ariana Grande
59%
A thousand miles seems pretty far, But they've got planes and trains and cars, I'd walk to you if I had no other way Hey There Delilah Plain White T's
54%
We're talking away, I don't know what I'm to say I'll say it anyway, Today's another day to find you Take On Me A-ha
52%
They say it's all been done but they haven't seen the best of me, so I got one more run and it's gonna be a sight to see High Hopes Panic! at the Disco
40%
I got broads in Atlanta, chasing dope, lean, and the fanta Panda Desiigner
39%
She'll make you curse, but she a blessing, she'll rip your shirt within a second Sweet but Psycho Ava Max
37%
Each morning I get up I die a little, can barely stand on my feet Somebody To Love Queen
36%
Where the treetops glisten and children listen, to hear sleigh bells in the snow White Christmas Bing Crosby
24%
You tryna dethrone me from spot on number one, but you India, you lose, so best think you haven't won B*tch Lasagna PewDiePie and Party In Backyard
22%
Got me all messed up his love is my favorite, but you plus me sadly can be dangerous Kill This Love BLACKPINK
20%
Hear the drum pounding out of time, another protester has crossed the line Holiday Green Day
17%
Ahhh! Such a beautiful day, the sun's shining in a beautiful way. Gonna take a shower, brush my teeth and... Life is ultimately meaningless Life Is Fun Boyinaband ft. TheOdd1sOut
14%
Wait if I'm on fire, how am I so deep in love? When I dream of dying, I never feel so loved Trampoline Shaed
12%
Don't cry, Don't raise your eye, It's only teenage wasteland Baba O'Riley The Who
11%
Which way is right? Which way is wrong? How do I say that I need to move on? You know we're heading separate ways Too Close Alex Clare
8%
Ye ye ye ye ye, ye ye yeh, ye ye yeh. Oh oh oh oh oooh. Ye ye ye ye ye, ye ye yeh, ye ye yeh. Oh oh oh oh oooh, lololol. The Trololo Song Eduard Khil
5%
I'm trapped and my back's up against the wall, I see no solution or exit out Pressure Muse
3%
I sneak up behind you like a panther, who ordered the private dancer? Dance Off Mackelmore and Ryan Lewis
1%
No matching quizzes found
Score Distribution
Percent of People with Each Score
Percentile by Number Answered
Your Score History
You have not taken this quiz